Anno di fondazione delle squadre italiane - Quiz n°2 - Statistics

Statistiche generali
  • Questo quiz è stato fatto 13 volte
  • Il punteggio medio è 4 su 15
Statistiche sulle risposte
Hint Risposta % Corretto
Inter 1908
92%
Atalanta 1907
46%
Spezia 1906
38%
Frosinone 1906
31%
Como 1907
31%
Treviso 1909
31%
SPAL 1907
23%
Vicenza 1907
23%
Novara 1908
23%
Bari 1908
23%
Lecce 1908
15%
Bologna 1909
15%
Pisa 1909
15%
Torino 1908
0%
Prato 1908
0%
Nessun quiz corrispondente trovato
Distribuzione punteggi
Percentuale di utenti per punteggio
Percentile per numero di risposta
I tuoi punteggi nel tempo
Non hai fatto questo quiz